Swiss players in UEFA Champions League (2000-) - Statistics

General Stats
  • This quiz has been taken 32 times
  • The average score is 30 of 131
Answer Stats
Ranking Player Positions Nationality Matches Goals (assists) Periods Clubs % Correct
1 Yann Sommer GK 59 0 (0) 2011-2012, 2013-2014, 2015-2016, 2020-2021, 2022-2025
100%
9 Granit Xhaka DF, MF 32 1 (1) 2010-2011, 2015-2016, 2024-2025
97%
6 Gregor Kobel GK 35 0 (0) 2021-2025
97%
4 Xherdan Shaqiri MF, FW 36 3 (6) 2010-2014, 2018-2021
97%
2 Manuel Akanji DF, MF 56 3 (2) 2017-2025
93%
10 Breel Embolo MF, FW 30 4 (4) 2014-2015, 2018-2019, 2020-2021, 2024-2025
86%
5 Stephan Lichtsteiner DF, MF 36 1 (1) 2005-2006, 2012-2018
86%
8 Roman Bürki GK 33 0 (0) 2016-2021
76%
34 Denis Zakaria DF, MF 15 2 (0) 2020-2022, 2024-2025
72%
14 Noah Okafor MF, FW 24 6 (2) 2020-2025
72%
39 Alexander Frei FW 13 8 (1) 2010-2012
69%
13 Fabian Frei DF, MF 26 4 (5) 2008-2009, 2011-2012, 2013-2014, 2017-2018
69%
23 Fabian Schär DF 19 1 (1) 2013-2014, 2023-2024
69%
11 Remo Freuler MF 28 2 (3) 2019-2021, 2024-2025
69%
16 Diego Benaglio GK 22 0 (0) 2009-2010, 2015-2016, 2017-2019
66%
15 Haris Seferović FW 22 4 (0) 2013-2014, 2017-2019, 2021-2022
66%
77 Marwin Hitz GK 7 0 (0) 2018-2019, 2020-2021
66%
41 Blerim Džemaili MF 13 0 (0) 2011-2012, 2013-2015
62%
25 Gökhan Inler MF 18 3 (2) 2011-2012, 2013-2014, 2016-2017
62%
26 Philippe Senderos DF 18 0 (0) 2004-2008
62%
21 Djibril Sow MF 20 0 (0) 2018-2019, 2022-2024
59%
24 Johan Djourou DF 19 0 (0) 2006-2007, 2008-2009, 2010-2012
55%
63 Valon Behrami DF, MF 10 0 (0) 2007-2008, 2013-2014
55%
18 Eren Derdiyok FW 21 5 (0) 2008-2009, 2011-2012, 2013-2014, 2018-2019
52%
35 Nico Elvedi DF 15 1 (0) 2015-2016, 2020-2021
52%
64 Ricardo Rodríguez DF, MF 9 1 (1) 2015-2016
52%
33 Admir Mehmedi MF, FW 15 5 (1) 2009-2010, 2012-2013, 2015-2017
45%
29 Renato Steffen MF, FW 16 3 (1) 2016-2017, 2021-2022
38%
32 Stéphane Henchoz DF 16 0 (0) 2001-2003
38%
131 Yvon Mvogo GK 1 0 (0) 2019-2020
38%
70 Dan Ndoye MF, FW 8 0 (0) 2024-2025
34%
30 Josip Drmić FW 16 0 (0) 2014-2015, 2022-2023
34%
60 Kevin Mbabu DF 11 0 (0) 2018-2019, 2021-2022
34%
19 Valentin Stocker MF 21 2 (3) 2008-2009, 2010-2011, 2013-2014, 2017-2018
34%
61 Edimilson Fernandes DF, MF, FW 10 1 (0) 2024-2025
31%
44 Hakan Yakin MF, FW 12 3 (5) 2002-2003
31%
54 Ludovic Magnin DF 11 0 (1) 2004-2005, 2007-2008
31%
12 Marco Streller FW 27 4 (6) 2008-2009, 2010-2011, 2013-2015
31%
36 Michael Lang DF, MF, FW 14 3 (1) 2016-2017, 2020-2021
31%
55 Michel Aebischer MF, FW 11 0 (1) 2018-2019, 2021-2022, 2024-2025
31%
56 Murat Yakin DF 11 0 (1) 2002-2003
31%
65 Steven Zuber DF, MF, FW 9 1 (0) 2013-2014, 2018-2019
31%
38 Ciriaco Sforza DF, MF 14 0 (0) 2000-2002
28%
7 Patrick Müller DF 35 0 (0) 2000-2003, 2005-2007
28%
58 Ardon Jashari MF 11 0 (0) 2024-2025
24%
121 David Degen MF 1 0 (0) 2013-2014
24%
3 Johann Vogel MF 39 0 (0) 2000-2006
24%
110 Philipp Degen DF, FW 3 0 (0) 2011-2012, 2013-2015
24%
31 Philipp Köhn GK 16 0 (0) 2021-2022, 2024-2025
24%
57 Tranquillo Barnetta MF 11 0 (1) 2012-2013, 2014-2015
24%
67 Christian Fassnacht MF, FW 9 0 (0) 2018-2019, 2021-2022
21%
50 David von Ballmoos GK 12 0 (0) 2018-2019, 2021-2022, 2023-2025
17%
114 Fabian Lustenberger DF, MF 2 0 (0) 2021-2022, 2023-2024
17%
28 Pascal Zuberbühler GK 17 0 (0) 2000-2001, 2002-2003
17%
94 Steve von Bergen DF 5 0 (0) 2018-2019
17%
37 Fabian Rieder MF, FW 14 2 (4) 2021-2022, 2024-2025
14%
122 François Moubandje DF 1 0 (0) 2019-2020
14%
91 Gregory Wüthrich DF 5 0 (0) 2018-2019, 2024-2025
14%
119 Timm Klose DF 2 0 (0) 2015-2016
14%
43 Ulisses Garcia DF, MF 13 0 (0) 2018-2019, 2021-2022, 2023-2024
14%
105 Albian Ajeti FW 3 0 (0) 2017-2018
10%
47 Cedric Itten FW 12 1 (0) 2017-2018, 2023-2025
10%
113 Daniel Gygax MF, FW 2 0 (0) 2005-2006
10%
68 Dimitri Oberlin FW 8 4 (0) 2017-2018
10%
100 Fabio Celestini MF 4 0 (0) 2003-2004
10%
66 Johan Vonlanthen MF, FW 9 0 (1) 2003-2004, 2009-2010
10%
96 Mario Gavranović MF, FW 4 1 (0) 2010-2011, 2019-2020
10%
103 Marvin Keller GK 4 0 (0) 2024-2025
10%
104 Raphaël Wicky DF, MF 4 0 (0) 2006-2007
10%
17 Sandro Lauper DF, MF 22 0 (0) 2018-2019, 2021-2022, 2023-2025
10%
22 Benjamin Huggel MF 19 1 (1) 2002-2003, 2008-2009, 2010-2012
7%
120 Cedric Zesiger DF 1 0 (0) 2021-2022
7%
49 Joel Monteiro MF, FW 12 0 (1) 2023-2025
7%
116 Marco Wölfli GK 2 0 (0) 2018-2019
7%
51 Mario Cantaluppi DF, MF 11 1 (1) 2002-2003
7%
79 Mauro Lustrinelli FW 6 1 (0) 2005-2006
7%
45 Pajtim Kasami MF, FW 12 1 (3) 2014-2016
7%
62 Sébastien Barberis MF 10 0 (0) 2002-2003
7%
72 Stéphane Grichting DF 8 0 (0) 2002-2003, 2010-2011
7%
88 Vincent Sierro MF 5 1 (0) 2021-2022
7%
80 Xavier Margairaz MF 6 1 (0) 2009-2010
7%
53 Zeki Amdouni MF, FW 11 1 (0) 2024-2025
7%
89 Anthony Racioppi GK 5 0 (0) 2023-2024
3%
99 Aurele Amenda DF 4 0 (0) 2023-2024
3%
59 Bernt Haas DF 11 0 (0) 2002-2003
3%
40 Filip Ugrinic MF, FW 13 1 (2) 2023-2025
3%
95 Guerino Gottardi DF, MF 4 1 (0) 2000-2001, 2003-2004
3%
83 Johnny Leoni GK 6 0 (0) 2009-2010
3%
92 Jordan Lotomba DF, MF 5 0 (0) 2024-2025
3%
87 Kastriot Imeri MF 5 1 (0) 2024-2025
3%
115 Léo Lacroix DF 2 0 (0) 2017-2018
3%
27 Loris Benito DF 17 0 (0) 2014-2015, 2018-2019, 2023-2025
3%
20 Luca Zuffi MF 20 2 (2) 2014-2015, 2016-2018
3%
130 Saulo Decarli DF, MF 1 0 (0) 2018-2019
3%
78 Silvan Hefti DF, MF, FW 6 1 (1) 2021-2022
3%
73 Zachary Athekame DF 8 0 (0) 2024-2025
3%
97 Adrian Nikçi MF 4 0 (0) 2009-2010
0%
81 Alain Rochat DF, MF 6 0 (0) 2009-2010
0%
98 Alexandre Quennoz DF 4 0 (0) 2002-2003
0%
112 Almen Abdi MF 2 0 (0) 2009-2010
0%
106 Andres Gerber DF, MF 3 0 (0) 2005-2006
0%
74 Antonio Esposito MF 7 0 (0) 2002-2003
0%
69 Beg Ferati DF 8 0 (0) 2008-2009, 2010-2011
0%
46 Cabral MF 12 1 (0) 2010-2012
0%
42 Darian Males MF, FW 13 0 (0) 2023-2025
0%
71 Davide Callà MF 8 0 (0) 2014-2015, 2016-2017
0%
82 Eldin Jakupović GK 6 0 (0) 2005-2006
0%
101 Felix Mambimbi MF, FW 4 0 (0) 2021-2022
0%
90 Florian Stahel DF 5 0 (0) 2009-2010
0%
75 Grégory Duruz DF 7 0 (0) 2002-2003
0%
107 Guillaume Faivre GK 3 0 (0) 2021-2022
0%
84 Kay Voser DF, MF 6 0 (0) 2013-2014
0%
93 Kevin Bua MF, FW 5 0 (0) 2017-2018
0%
108 Leonardo Bertone MF 3 0 (0) 2018-2019
0%
102 Leonidas Stergiou DF 4 0 (0) 2024-2025
0%
52 Lewin Blum DF 11 1 (0) 2023-2025
0%
123 Marco Schönbächler MF, FW 1 0 (0) 2009-2010
0%
76 Marco Zwyssig DF 7 0 (0) 2002-2003
0%
124 Martin Angha DF 1 0 (0) 2012-2013
0%
125 Marvin Spielmann MF, FW 1 0 (0) 2021-2022
0%
117 Mirsad Mijadinoski DF 2 0 (0) 2009-2010
0%
126 Nenad Savić MF 1 0 (0) 2002-2003
0%
118 Nicolas Bürgy DF, FW 2 0 (0) 2021-2022
0%
127 Nico Maier FW 1 0 (0) 2021-2022
0%
109 Orhan Mustafi FW 3 0 (0) 2008-2009
0%
85 Philippe Koch DF 6 0 (0) 2009-2010
0%
111 Quentin Maceiras DF, MF 3 0 (0) 2021-2022
0%
86 Reto Zanni DF 6 0 (0) 2008-2009, 2010-2011
0%
128 Rhodri Smith DF 1 0 (0) 2024-2025
0%
129 Ronny Hodel GK, DF 1 0 (0) 2008-2009
0%
48 Silvan Aegerter MF 12 1 (0) 2005-2006, 2009-2010
0%
No matching quizzes found
Score Distribution
Percent of People with Each Score
Percentile by Number Answered
Your Score History
You have not taken this quiz